Teoría Monetaria (Registro nro. 4504)
[ vista simple ]
| 000 -LEADER | |
|---|---|
| fixed length control field | 01565 a2200217 4500 |
| 001 - CONTROL NUMBER | |
| control field | 47937 |
| 005 - DATE AND TIME OF LATEST TRANSACTION | |
| control field | 20260407155745.0 |
| 008 - FIXED-LENGTH DATA ELEMENTS--GENERAL INFORMATION | |
| fixed length control field | 260407a1971 arg spa d |
| 003 - CONTROL NUMBER IDENTIFIER | |
| control field | AR-UNSa-BCEJYS |
| 040 ## - CATALOGING SOURCE | |
| Original cataloging agency | AR-UNSa-BCEJYS |
| Language of cataloging | spa |
| Transcribing agency | AR-UNSa-BCEJYS |
| 080 ## - UNIVERSAL DECIMAL CLASSIFICATION NUMBER | |
| Universal Decimal Classification number | 336.74 |
| Common auxiliary subdivision | Moneda. Sistema monetario |
| 100 1# - MAIN ENTRY--PERSONAL NAME | |
| Personal name | Calabuig, Alicia |
| 245 10 - TITLE STATEMENT | |
| Title | Teoría Monetaria |
| 264 #1 - PRODUCTION, PUBLICATION, DISTRIBUTION, MANUFACTURE, AND COPYRIGHT NOTICE | |
| Place of production, publication, distribution, manufacture | Buenos Aires : |
| Name of producer, publisher, distributor, manufacturer | Amorrortu Editores |
| Date of production, publication, distribution, manufacture, or copyright notice | 1971 |
| 300 ## - PHYSICAL DESCRIPTION | |
| Extent | 232 p. |
| Dimensions | 20 cm. |
| 505 ## - FORMATTED CONTENTS NOTE | |
| Formatted contents note | PRIMERA PARTE: Nuevas ideas en teoría monetaria: 1. Dinero, deuda y tasa de interés - 2. Inflación, ahorro y tasa real de interés - 3. Crecimiento, equilibrio y tasa nominal de interés - 4. Financiamiento del déficit y crecimiento - 5. Inflación, atesoramiento y estado estacionario - 6. Inflación, nivel de financiamiento y crecimiento máximo - 7. El problema de detener la inflación -- SEGUNDA PARTE: La economía mundial: 8. La teoría monetaria y el patrón oro mundial - 9. Devaluación - 10. Interacción entre áreas monetarias - 11. Políticas económicas multilaterales y modificaciones en el tipo de cambio - 12. ¿Debe Estados Unidos devaluar el dólar? - 13. Oro, dólares y papel oro - 14. Liquidez internacional e inflación - 15. Distribución internacional del dinero en una economía mundial en crecimiento - 16. La política monetaria de Europa y Estados Unidos - 17. Las ganancias de acuñación y la estructura óptima de un banco central mundial. |
| 590 ## - LOCAL NOTE (RLIN) | |
| Local note | niveau_biblio:m niveau_hierar:0 |
| 700 1# - ADDED ENTRY--PERSONAL NAME | |
| Personal name | Mundell, Robert A. |
| 700 1# - ADDED ENTRY--PERSONAL NAME | |
| Personal name | Murúa, Ricardo |
| 942 ## - ADDED ENTRY ELEMENTS (KOHA) | |
| Koha item type | |
| Withdrawn status | Lost status | Damaged status | Not for loan | Home library | Current library | Shelving location | Date acquired | Total checkouts | Full call number | Barcode | Date last seen | Price effective from | Koha item type |
|---|---|---|---|---|---|---|---|---|---|---|---|---|---|
| Biblioteca Prof. Eusebio Cleto del Rey | Biblioteca Prof. Eusebio Cleto del Rey | 07/04/2026 | 336.74 M965 | L13348 | 07/04/2026 | 07/04/2026 | Libro | ||||||
| Biblioteca Prof. Eusebio Cleto del Rey | Biblioteca Prof. Eusebio Cleto del Rey | 07/04/2026 | 336.74 M965 | L13349 | 07/04/2026 | 07/04/2026 | Libro |